| 000 | 01094nac a22003131i 4500 | ||
|---|---|---|---|
| 003 | EG-ScBUE | ||
| 005 | 20250707091516.0 | ||
| 008 | 090203t2007 maua f bd 001 0 eng d | ||
| 020 | _a9780618606061 (student’t text) | ||
| 020 | _a0618606068 (student’t text) | ||
| 040 |
_aEG-ScBUE _beng _erda _cEG-ScBUE _dEG-ScBUE |
||
| 082 | 0 | 4 |
_a540 _bSTO _222 |
| 100 | 1 |
_aStoker, H. Stephen _q(Howard Stephen), _d1939- _eauthor. |
|
| 245 | 1 | 0 |
_aGeneral, organic, and biological chemistry / _cH. Stephen Stoker, Weber State University. |
| 250 | _aFourth edition. | ||
| 264 | 1 |
_aBoston : _bHoughton Mifflin Company, _c[2007] |
|
| 264 | 4 | _cc2007 | |
| 300 |
_a1 volume (various pagings) : _billustrations (some color) ; _c29 cm |
||
| 336 |
_2rdacontent _atext _btxt |
||
| 337 |
_aunmediated _2rdamedia _bn |
||
| 338 |
_avolume _bnc _2rdacarrier |
||
| 500 | _aIncludes glossary. | ||
| 504 | _aIncludes bibliographical references and index. | ||
| 650 | 7 |
_aChemistry. _2BUEsh |
|
| 650 | 7 |
_aBiochemistry. _2BUEsh |
|
| 650 | 7 |
_aChemistry, Organic. _2BUEsh |
|
| 655 | _vReading book | ||
| 942 |
_cBB _2ddc |
||
| 999 |
_c2354 _d2354 |
||